| 000 | 01558cam a22003374a 4500 | ||
|---|---|---|---|
| 999 |
_c127871 _d127871 |
||
| 001 | 13666546 | ||
| 003 | ARRUPE | ||
| 005 | 20180406123427.0 | ||
| 008 | 040726s2005 nju b 001 0 eng | ||
| 010 | _a 2004053451 | ||
| 015 |
_aGBA509342 _2bnb |
||
| 016 | 7 |
_a013099930 _2Uk |
|
| 020 | _a0691113750 (hardcover : alk. paper) | ||
| 035 | _a(OCoLC)ocm56111757 | ||
| 040 |
_aDLC _cDLC _dYDX _dUKM _dOCL _dBAKER _dDLC |
||
| 042 | _apcc | ||
| 050 | 0 | 0 |
_aBD418.3 _b.K55 2005 |
| 082 | 0 | 0 |
_a128/.2 _222 |
| 100 | 1 |
_aKim, Jaegwon. _941332 |
|
| 245 | 1 | 0 |
_aPhysicalism, or something near enough / _cJaegwon Kim. |
| 260 |
_aPrinceton, N.J. : _bPrinceton University Press, _cc2005. |
||
| 300 |
_axiii, 186 p. ; _c22 cm. |
||
| 440 | 0 |
_aPrinceton monographs in philosophy _941333 |
|
| 504 | _aIncludes bibliographical references (p. [175]-180) and index. | ||
| 650 | 0 |
_aPhilosophy of mind. _941334 |
|
| 650 | 0 |
_aMind and body. _914387 |
|
| 856 | 4 | 1 |
_3Table of contents only _uhttp://www.loc.gov/catdir/toc/fy0613/2004053451.html |
| 856 | 4 | 2 |
_3Publisher description _uhttp://www.loc.gov/catdir/enhancements/fy0668/2004053451-d.html |
| 856 | 4 | 2 |
_3Contributor biographical information _uhttp://www.loc.gov/catdir/enhancements/fy0734/2004053451-b.html |
| 906 |
_a7 _bcbc _corignew _d1 _eocip _f20 _gy-gencatlg |
||
| 942 |
_2lcc _cMONOGRAPH |
||